Vista normal
Vista MARC
Entrada Topical Term
Número de registros utilizados en: 1
001 - CONTROL NUMBER
- control field: 44247
003 - CONTROL NUMBER IDENTIFIER
- control field: OSt
005 - DATE AND TIME OF LATEST TRANSACTION
- control field: 20250804182252.0
008 - FIXED-LENGTH DATA ELEMENTS
- fixed length control field: 250804|| aca||aabn | a|a d
040 ## - CATALOGING SOURCE
- Original cataloging agency: OSt
- Transcribing agency: OSt
150 ## - HEADING--TOPICAL TERM
- Topical term or geographic name entry element: Economía política -- Teorías Economía política -- Historia Economía política -- Teorías--
670 ## - SOURCE DATA FOUND
- Source citation: Work cat.: (OSt)5430: Beneyto, Juan, autor 44246, Del feudo a la economía nacional : el ensanchamiento del ámbito económico en su proyección histórico /